|
|
|
|
| LEADER |
00842cam a2200253 7i4500 |
| 001 |
0000036591 |
| 005 |
20210802090000.0 |
| 007 |
##ta |
| 008 |
210802s2019 enka b 00 eng d |
| 020 |
# |
# |
|a 9781292262956
|
| 040 |
# |
# |
|a MATR
|
| 090 |
0 |
0 |
|a B 658.456
|b RUS
|
| 100 |
1 |
# |
|a Russell, Tom
|e author
|
| 245 |
1 |
0 |
|a Meet with impact :
|b 40 visual tools for productive meetings and engaging workshops
|c Tom Russell.
|
| 264 |
# |
0 |
|a Harlow, England:
|b Pearson,
|c 2019.
|
| 300 |
# |
# |
|a xix, 341 pages:
|b illustrations;
|c 16 x 24 cm.
|
| 336 |
# |
# |
|a text
|2 rdacontent
|
| 337 |
# |
# |
|a unmediated
|2 rdamedia
|
| 338 |
# |
# |
|a volume
|2 rdacarrier
|
| 504 |
# |
# |
|a Includes bibliographical references and index
|
| 650 |
# |
0 |
|a Organizational effectiveness
|
| 650 |
# |
0 |
|a Decision making
|
| 650 |
# |
0 |
|a Meetings
|
| 999 |
|
|
|a B000041326
|b Book
|c Book
|e Business Information Centre
|